As you like it / (Record no. 534648)

000 -LEADER
fixed length control field 00959cam a2200313 i 4500
001 - CONTROL NUMBER
control field 364699
003 - CONTROL NUMBER IDENTIFIER
control field NUST
005 - DATE AND TIME OF LATEST TRANSACTION
control field 20200312161647.0
008 - FIXED-LENGTH DATA ELEMENTS--GENERAL INFORMATION
fixed length control field 771216s1975 enka 000 0 eng
010 ## - LIBRARY OF CONGRESS CONTROL NUMBER
LC control number 77370748
015 ## - NATIONAL BIBLIOGRAPHY NUMBER
National bibliography number GB77-07573
020 ## - INTERNATIONAL STANDARD BOOK NUMBER
International Standard Book Number 0198319258 :
Terms of availability £0.60
038 ## - RECORD CONTENT LICENSOR
Staff Name waseem
040 ## - CATALOGING SOURCE
Original cataloging agency DLC
Transcribing agency DLC
Modifying agency DLC
050 00 - LIBRARY OF CONGRESS CALL NUMBER
Classification number PR2803.A2
Item number B5 1975
082 00 - DEWEY DECIMAL CLASSIFICATION NUMBER
Classification number 822.33
Author Mark SHA
100 1# - MAIN ENTRY--PERSONAL NAME
Personal name Shakespeare, William,
Dates associated with a name 1564-1616.
9 (RLIN) 3310
245 10 - TITLE STATEMENT
Title As you like it /
Statement of responsibility, etc. William Shakespeare ; edited by Isabel J. Bisson.
260 ## - PUBLICATION, DISTRIBUTION, ETC.
Place of publication, distribution, etc. Oxford :
Name of publisher, distributor, etc. Clarendon Press,
Date of publication, distribution, etc. 1975.
300 ## - PHYSICAL DESCRIPTION
Extent 190 p. :
Other physical details ill. ;
Dimensions 17 cm.
490 0# - SERIES STATEMENT
Series statement The New Clarendon Shakespeare
650 #0 - SUBJECT ADDED ENTRY--TOPICAL TERM
Topical term or geographic name entry element Fathers and daughters
General subdivision Drama.
9 (RLIN) 28932
650 #0 - SUBJECT ADDED ENTRY--TOPICAL TERM
Topical term or geographic name entry element Exiles
General subdivision Drama.
9 (RLIN) 28933
655 #7 - INDEX TERM--GENRE/FORM
Genre/form data or focus term Pastoral drama.
Source of term gsafd
9 (RLIN) 28934
655 #7 - INDEX TERM--GENRE/FORM
Genre/form data or focus term Comedies.
Source of term gsafd
9 (RLIN) 3314
700 1# - ADDED ENTRY--PERSONAL NAME
Personal name Bisson, Isabel J.
9 (RLIN) 28935
906 ## - LOCAL DATA ELEMENT F, LDF (RLIN)
a 7
b cbc
c orignew
d 3
e ncip
f 19
g y-gencatlg
942 ## - ADDED ENTRY ELEMENTS (KOHA)
Source of classification or shelving scheme
Koha item type Book
Holdings
Withdrawn status Lost status Source of classification or shelving scheme Damaged status Not for loan Permanent Location Current Location Shelving location Date acquired Source of acquisition Total Checkouts Full call number Barcode Date last seen Price effective from Koha item type
          Central Library (CL) Central Library (CL) Fiction 03/12/2020 Donation   822.33 SHA CL-D-913 03/12/2020 03/12/2020 Book
© 2023 Central Library, National University of Sciences and Technology. All Rights Reserved.